Southville International School and Colleges
Your cart is empty.
  • Cart
  • Lists
    Public lists Eva Luna New books Lux_list list_1
    Your lists Log in to create your own lists
  • Log in to your account
  • Your cookies
  • Search history
Southville International School and Colleges
  • Advanced search
  • Recent comments
  • Most popular
  • Libraries

Log in to your account

Log in with GOOGLE


If you do not have an external account, but do have a local account, you can still log in:

  1. Home
  2. MARC view: Treasure hunters /
Normal view MARC view ISBD view

Treasure hunters / (Record no. 961)

[ view plain ]
MARC details
000 -LEADER
fixed length control field 01009cam a2200325 i 4500
001 - CONTROL NUMBER
control field 2239402
003 - CONTROL NUMBER IDENTIFIER
control field OSt
005 - DATE AND TIME OF LATEST TRANSACTION
control field 20140310181649.0
008 - FIXED-LENGTH DATA ELEMENTS--GENERAL INFORMATION
fixed length control field 761001s1976 xx a 000 0 eng
010 ## - LIBRARY OF CONGRESS CONTROL NUMBER
LC control number 76372451
040 ## - CATALOGING SOURCE
Original cataloging agency DLC
Transcribing agency DLC
Modifying agency DLC
043 ## - GEOGRAPHIC AREA CODE
Geographic area code nccr---
050 00 - LIBRARY OF CONGRESS CALL NUMBER
Classification number F1549.T13
Item number L5
082 00 - DEWEY DECIMAL CLASSIFICATION NUMBER
Classification number 917.286
100 1# - MAIN ENTRY--PERSONAL NAME
Personal name Liebhaber, Carlos.
245 10 - TITLE STATEMENT
Title Treasure hunters /
Statement of responsibility, etc Carlos Liebhaber.
260 ## - PUBLICATION, DISTRIBUTION, ETC. (IMPRINT)
Place of publication, distribution, etc Australia :
Name of publisher, distributor, etc Penguin Group,
Date of publication, distribution, etc 2002
Place of manufacture :
Manufacturer Litografia e Impr. Lehmann)
300 ## - PHYSICAL DESCRIPTION
Extent 220 p. :
Other physical details ill. ;
Dimensions 18 cm.
521 ## - TARGET AUDIENCE NOTE
Target audience note
Source Lexile
526 ## - STUDY PROGRAM INFORMATION NOTE
Reading level 890L
541 ## - IMMEDIATE SOURCE OF ACQUISITION NOTE
-- 1
541 ## - IMMEDIATE SOURCE OF ACQUISITION NOTE
-- 2
562 ## - COPY AND VERSION IDENTIFICATION NOTE
Number of copies For circulation. 2 copies in the collection
650 #0 - SUBJECT ADDED ENTRY--TOPICAL TERM
Topical term or geographic name as entry element Treasure troves
Geographic subdivision Costa Rica.
651 #0 - SUBJECT ADDED ENTRY--GEOGRAPHIC NAME
Geographic name Talamanca Mountains (Costa Rica)
General subdivision Description and travel.
651 #0 - SUBJECT ADDED ENTRY--GEOGRAPHIC NAME
Geographic name Grande de Térraba River (Costa Rica)
651 #0 - SUBJECT ADDED ENTRY--GEOGRAPHIC NAME
Geographic name Costa Rica
General subdivision Discovery and exploration.
906 ## - LOCAL DATA ELEMENT F, LDF (RLIN)
a 7
b cbc
c orignew
d u
e ncip
f 19
g y-gencatlg
942 ## - ADDED ENTRY ELEMENTS (KOHA)
Source of classification or shelving scheme Library of Congress Classification
Koha item type
Call number prefix
Holdings
Withdrawn status Lost status Source of classification or shelving scheme Damaged status Home library Current library Shelving location Date acquired Total Checkouts Full call number Barcode Date last seen Copy number Price effective from Koha item type
    Library of Congress Classification   Luxembourg Library Luxembourg Library Kids Fiction Section 04/12/2012   F 1549 .B157 2002 15202 08/13/2013 1 04/12/2012 Books
    Library of Congress Classification   Luxembourg Library Luxembourg Library Kids Fiction Section 04/12/2012   F 1549 .B157 2002 15201 01/19/2016 2 04/12/2012 Books

Treasure hunters /

APA

Liebhaber C., . (2002). Treasure hunters. Australia: Penguin Group.

Chicago

Liebhaber Carlos, . 2002. Treasure hunters. Australia: Penguin Group.

Harvard

Liebhaber C., . (2002). Treasure hunters. Australia: Penguin Group.

MLA

Liebhaber Carlos, . Treasure hunters. Australia: Penguin Group. 2002.

  • Place hold
  • Print
  • Cite
  • Add to your cart (remove)
  • Save record
    BIBTEX Dublin Core MARCXML MARC (non-Unicode/MARC-8) MARC (Unicode/UTF-8) MARC (Unicode/UTF-8, Standard) MODS (XML) RIS
  • More searches
    Search for this title in:
    Other Libraries (WorldCat) Other Databases (Google Scholar) Online Stores (Bookfinder.com) Open Library (openlibrary.org)

Exporting to Dublin Core...

SOUTHVILLE LIBRARY

Southville International School and Colleges Library

1281 Tropical Ave. Cor. Luxembourg St., BF Homes International, Las Pinas City

Tel. No. 8256374 / 252358 Loc. 117/146

Powered by Koha